| 000 | 00394nam a2200145Ia 4500 | ||
|---|---|---|---|
| 008 | 211109s9999||||xx |||||||||||||| ||und|| | ||
| 082 |
_a894.8121 _bONV-S |
||
| 100 | _aO N V Kurup, | ||
| 245 | 0 | _aSaarngka Ppakshikal | |
| 260 |
_bDC Books _aKottayam _c1987 |
||
| 300 | _a147p | ||
| 630 | _xGENERAL STACK | ||
| 650 |
_aMALAYALAM _vMALAYALAM LITERATURE _xMALAYALAM POETRYMalayalam |
||
| 942 | _cBOOK | ||
| 999 |
_c38852 _d38852 |
||